Biblioteca

Diakonia : Church for others / Edited by Norbert Greinacher, Norbert Mette (Registro nro. 45559)

Detalles MARC
000 -LÍDER
Campo fijo de descripción fija 005170000a22001450004500
001 - NÚMERO DE CONTROL
Campo de control 19188
020 ## - NÚMERO INTERNACIONAL NORMALIZADO PARA LIBROS
Número Internacional Normalizado del libro 0-567-30078-1
100 1# - ASIENTO PRINCIPAL--NOMBRE PERSONAL
Nombre personal Greinacher, Norbert., (Editor)
245 10 - TÍTULO
Título del Material Diakonia : Church for others / Edited by Norbert Greinacher, Norbert Mette
260 ## - PUBLICACIÓN, DISTRIBUCIÓN, ETC. (PIE DE IMPRENTA)
Lugar de publicación, distribución, etc. Edinburgh, Scotland : T. & T. Clark
300 ## - DESCRIPCIÓN FÍSICA
Extensión xii, 134 páginas
501 ## - NOTA DE “CON”
Nota de Contenido Rústico
505 00 - NOTA DE CONTENIDO
Nota de contenido con formato preestablecido El enfoque de la necesidad humana - La compasión divina como una comisión cristiana - Áreas de conflicto en la praxis diaconal
942 ## - TIPO DE MATERIAL (KOHA)
Tipo de Item KOHA Libros General

No hay ítems disponibles.

Biblioteca FUSBC | Teléfono: (57+4) 349 88 10 Ext. 141| WhatsApp (+57) 3005338115 
E-mail: biblioteca@unisbc.edu.co | Calle 76 87-14 Robledo Palenque, Medellín, Colombia

Con tecnología Koha